000 00652nam a2200229 i 4500
001 C2-0302019
003 PPAK
005 20180728083152.0
008 100106s2005 ii a|||| ||||| | tam d
040 _aPPAK
_beng
_cPPAK
_erda
082 0 4 _a894.8113
_223
090 0 0 _a894.8113
_bNAG
_dK
100 0 _aNagai Vijayabarathi,
_eauthor
245 1 0 _aVaaimaykku oru arichadran
264 1 _aChennai, India :
_bLeo Book Publishers ,
_c2005
300 _a90 pages :
_billustrations ;
_c18 cm
336 _2rdacontent
_atext
337 _2rdamedia
_aunmediated
338 _2rdacarrier
_avolume
650 1 0 _aChildren's stories, Tamil
942 _ddc
_cB
999 _c105737
_d105737